| 000 | 00814cab a2200241 4500 | ||
|---|---|---|---|
| 001 | ABS49364 | ||
| 008 | 090401t1993 xxu||||| |||| 00| 0 eng d | ||
| 035 | _a(Sirsi) u71013 | ||
| 041 | _aeng | ||
| 245 | _aEnvironmental management in the minerals industry: the Greensite report | ||
| 260 | _c1993 | ||
| 350 | _a0 | ||
| 490 |
_aMineral Planning _v(56) September 1993, 3-8(6) |
||
| 520 | _aDescribes the work of the Greensite Project research programme with a view to future directions within the minerals industry on environmental performance. | ||
| 650 | _aENVIRONMENTAL MANAGEMENT | ||
| 650 | _aGREENSITE PROJECT | ||
| 650 | _aLAND RESTORATION | ||
| 650 | _aMINERALS INDUSTRY | ||
| 690 | _aENVIRONMENTAL AND LAND CONSULTANCY | ||
| 690 | _aMINING AND MINERALS | ||
| 942 | _n0 | ||
| 948 | _c04/03/1997 | ||
| 999 |
_c44743 _d44743 |
||